EVENT MANAGEMENT IN TOURISM (Record no. 216248)
[ view plain ]
| 000 -LEADER | |
|---|---|
| fixed length control field | 00434nam a22001577a 4500 |
| 008 - FIXED-LENGTH DATA ELEMENTS--GENERAL INFORMATION | |
| fixed length control field | 251121b |||||||| |||| 00| 0 eng d |
| 020 ## - INTERNATIONAL STANDARD BOOK NUMBER | |
| International Standard Book Number | 979-8-88715-408-4 |
| 100 ## - MAIN ENTRY--PERSONAL NAME | |
| Personal name | MALCOLM, DAVID |
| 245 ## - TITLE STATEMENT | |
| Title | EVENT MANAGEMENT IN TOURISM |
| 260 ## - PUBLICATION, DISTRIBUTION, ETC. | |
| Place of publication, distribution, etc. | DUBLIN |
| Name of publisher, distributor, etc. | ORYSON PRESS |
| Date of publication, distribution, etc. | 2024 |
| 300 ## - PHYSICAL DESCRIPTION | |
| Extent | VIII, 276P. |
| 500 ## - GENERAL NOTE | |
| General note | INCLUDES INDEX |
| 650 ## - SUBJECT ADDED ENTRY | |
| Topical term or geographic name entry element | 1. TOURISM - MANAGEMENT 2. EVENT MANAGEMENT |
| 942 ## - ADDED ENTRY ELEMENTS (KOHA) | |
| Source of classification or shelving scheme | Library of Congress Classification |
| Koha item type | Long Loan Book |
| Withdrawn status | Lost status | Source of classification or shelving scheme | Damaged status | Not for loan | Collection | Home library | Current library | Shelving location | Date acquired | Inventory number | Total checkouts | Barcode | Date last seen | Copy number | Price effective from | Koha item type |
|---|---|---|---|---|---|---|---|---|---|---|---|---|---|---|---|---|
| Library of Congress Classification | Arts & Social Sciences | Kisii University Library | Kisii University Library | On Display | 11/21/2025 | 109980 | 000000000637 | 11/21/2025 | C.1 | 11/21/2025 | Long Loan Book | |||||
| Library of Congress Classification | Arts & Social Sciences | Kisii University Library | Kisii University Library | On Display | 11/21/2025 | 109981 | 000000000638 | 11/21/2025 | C.2 | 11/21/2025 | Long Loan Book | |||||
| Library of Congress Classification | Arts & Social Sciences | Kisii University Library | Kisii University Library | On Display | 11/21/2025 | 109982 | 000000000639 | 11/21/2025 | C.3 | 11/21/2025 | Long Loan Book | |||||
| Library of Congress Classification | Arts & Social Sciences | Kisii University Library | Kisii University Library | On Display | 11/21/2025 | 109983 | 000000000640 | 11/21/2025 | C.4 | 11/21/2025 | Long Loan Book |